Educaçao Permanente e o Paradigma da Libertaçao: Reflexoes sobre a práctica da Psicologia Social na Residencia Multiprofissional em Saúde da Familia em Sobral-Ceará-Brasil /
Сохранить в:
| Главный автор: | |
|---|---|
| Формат: | Текст |
| Язык: | Spanish |
| Опубликовано: |
San José :
Editorial UCR
|
| Метки: |
Добавить метку
Нет меток, Требуется 1-ая метка записи!
|
MARC
| LEADER | 00000 a a2200000 04500 | ||
|---|---|---|---|
| 001 | 35844 | ||
| 003 | cru CIDCACS/IIS | ||
| 005 | 20170519151315.0 | ||
| 008 | 170512b xxu||||| |||| 00| 0 spa d | ||
| 020 | |a 978-9968-46-034-7 | ||
| 022 | |a 978-9968-46-034-7 | ||
| 040 | |c CIDCACS/IIS | ||
| 090 | |a PS05.01.01 D633p | ||
| 100 | 1 | |a Carvalho, Ariane Brum de |9 4845 | |
| 245 | |a Educaçao Permanente e o Paradigma da Libertaçao: |b Reflexoes sobre a práctica da Psicologia Social na Residencia Multiprofissional em Saúde da Familia em Sobral-Ceará-Brasil / |c Ariane Brum de Carvalho | ||
| 260 | |a San José : |b Editorial UCR | ||
| 300 | |a Páginas 359-366 | ||
| 773 | 0 | |0 166 |9 816 |a Dobles Oropeza, Ignacio |d San José: Editorial UCR |o 03436 |t Psicología de la liberación en le contexto de la globalización neoliberal: |w (cru CIDCACS/IIS)35869 |x 978-9968-46-034-7 |z 978-9968-46-034-7 | |
| 942 | |2 ddc |c LI | ||
| 999 | |c 19360 |d 19360 | ||



